Spor medzi I. Kantom a G.Herderom o filozofiu dejín

Osvietenská filozofia dejín. Spor medzi Kantom a Herderom o filozofiu dejín.

Gespeichert in:
Bibliographische Detailangaben
1. Verfasser: Greguš, Peter
Format: Buchkapitel
Sprache:Slowakisch
Schlagworte:
Tags: Tag hinzufügen
Keine Tags, Fügen Sie das erste Tag hinzu!

MARC

LEADER 00000naa$a2200000$$$4500
001 0085000
005 20240502071951.1
041 0 |a slo 
044 |a SK 
245 1 0 |a Spor medzi I. Kantom a G.Herderom o filozofiu dejín  |c Peter Greguš 
520 |a Osvietenská filozofia dejín. Spor medzi Kantom a Herderom o filozofiu dejín. 
610 2 0 |a dejiny filozofie 
610 2 0 |a Herder, G. 
610 2 0 |a Kant, I. 
100 1 |a Greguš, Peter